LEADER 01077nam0-2200337-i-450- 001 990009373910403321 005 20110608160620.0 010 $a978-0-8218-4922-4$bpaperback 035 $a000937391 035 $aFED01000937391 035 $a(Aleph)000937391FED01 035 $a000937391 100 $a20110608d2009----km-y0itay50------ba 101 0 $aeng 102 $aUS 105 $aa---a---101yy 200 1 $aTopology, C*-algebras, and string duality$fJonathan Rosenberg 210 $aProvidence$cAmerican Mathematical Society$d2009 215 $aVIII, 110 p.$d26 cm 225 1 $aCBMS Conference board of the mathematical sciences$eregional conference series in mathematics$v111 610 0 $aTeorie delle stringhe e delle superstringhe$aAltri oggetti estesi 676 $a514.2$v22$zita 700 1$aRosenberg,$bJonathan$044013 801 0$aIT$bUNINA$gREICAT$2UNIMARC 901 $aBK 912 $a990009373910403321 952 $aC-35-(111$b24793$fMA1 959 $aMA1 962 $a81T30 996 $a-algebras, and string duality$9762142 997 $aUNINA LEADER 01018nam0-2200325---450- 001 990009608500403321 005 20120903090538.0 010 $a978-88-565-0223-7 035 $a000960850 035 $aFED01000960850 035 $a(Aleph)000960850FED01 035 $a000960850 100 $a20120720d2010----km-y0itay50------ba 101 1 $aita 102 $aIT 105 $aa-------001yy 200 1 $aDalle carte segrete del Duce$eMomenti e protagonisti dell'Italia fascista nei National archives di Washington$fPeter Tompkins$gtraduzione di Pino Modola e Cesare Salmaggi 210 $aMilano$cIl Saggiatore$d2010 215 $a382 p.$cill.$d19 cm 225 1 $aTascabili$iSaggi$v180 610 0 $aFascismo$aItalia 676 $a945.091$v22$zita 700 1$aTompkins,$bPeter$0500781 801 0$aIT$bUNINA$gREICAT$2UNIMARC 901 $aBK 912 $a990009608500403321 952 $aCollez. 2224 (180)$b49571$fFSPBC 959 $aFSPBC 996 $aDalle carte segrete del Duce$9850143 997 $aUNINA